[Event "Budapest Spring Festival 2019"]
[Site "Budapest"]
[Date "2019.04.17"]
[Round "9.26"]
[White "Borhy, Marcell"]
[Black "Risting, Eivind Olav"]
[Result "1/2-1/2"]
[WhiteElo "2237"]
[BlackElo "2345"]
[Annotator "NA RC"]
[PlyCount "49"]
[EventDate "2019.04.09"]
[EventType "swiss"]
[EventCountry "HUN"]
[SourceTitle "playchess.com"]
[Source "ChessBase"]
[SourceQuality "1"]
[TimeControl "40/5400+30:1800+30"]

1. d4 {[%emt 0:00:03]} Nf6 {[%emt 0:00:15]} 2. c4 {[%emt 0:00:27]} e6 {[%emt 0:00:20]} 3. g3 {[%emt 0:00:16]} d5 {[%emt 0:00:53]} 4. Nf3 {[%emt 0:00:19]} ({Predecessor:} 4. Bg2 dxc4 {½-½ (43) Li,D (2441)-Gajek,R (2444) Innsbruck 2018}) 4... dxc4 {[%emt 0:00:30]} 5. Bg2 {[%emt 0:00:10]} Bb4+ {[%emt 0:00:14]} 6. Bd2 {[%emt 0:00:27]} c5 $146 {[%emt 0:00:29] E04: Open Catalan: 5 Nf3} (6... a5 7. a3 Bxd2+ 8. Nbxd2 b5 9. b3 cxb3 10. Qxb3 c6 11. O-O O-O 12. Rfc1 Bb7 13. Qb2 Nbd7 14. Ne1 Qb8 {0-1 (55) Bluebaum,M (2620)-Anand,V (2773) Germany 2019}) 7. Bxb4 {[%emt 0:09:28]} cxb4 {[%emt 0:00:08]} 8. Ne5 {[%emt 0:06:08]} O-O {[%emt 0:00:30]} 9. Nxc4 {[%emt 0:01:52]} Nc6 {[%emt 0:00:16]} 10. e3 {[%emt 0:00:11]} e5 {[%emt 0:00:17]} 11. d5 {[%emt 0:06:02]} b5 {[%emt 0:00:42]} 12. dxc6 {[%emt 0:01:45]} Qxd1+ {[%emt 0:01:01]} 13. Kxd1 {[%emt 0:00:02]} bxc4 {[%emt 0:00:10]} 14. Nd2 {[%emt 0:01:09]} c3 {[%emt 0:41:10]} 15. bxc3 {[%emt 0:00:10]} bxc3 {[%emt 0:00:05]} 16. Nc4 {[%emt 0:11:16]} e4 {[%emt 0:11:33]} 17. Rc1 {[%emt 0:04:28]} Rd8+ {[%emt 0:06:38]} 18. Ke1 {[%emt 0:05:02]} Rd5 {[%emt 0:00:26]} 19. Rxc3 {[%emt 0:02:07]} Rc5 {[%emt 0:01:11]} 20. Kd2 $11 {[%emt 0:02:54]} Ba6 {[%emt 0:10:40]} 21. Nb2 {[%emt 0:06:58]} Rd8+ {[%emt 0:00:50]} 22. Kc2 {[%emt 0:00:03]} Rxc3+ {[%emt 0:00:12]} 23. Kxc3 {[%emt 0:00:01]} Rc8 {[%emt 0:02:53]} 24. Rd1 {[%emt 0:01:33]} Rxc6+ {[%emt 0:00:08]} 25. Kb3 {[%emt 0:01:33]} 1/2-1/2

[Event "Budapest Spring Festival 2019"]
[Site "Budapest"]
[Date "2019.04.17"]
[Round "9.27"]
[White "Rudolf, Michal"]
[Black "Turzo, Attila"]
[Result "1-0"]
[WhiteElo "2337"]
[BlackElo "2296"]
[Annotator "NA RC"]
[PlyCount "153"]
[EventDate "2019.04.09"]
[EventType "swiss"]
[EventCountry "HUN"]
[SourceTitle "playchess.com"]
[Source "ChessBase"]
[SourceQuality "1"]
[TimeControl "40/5400+30:1800+30"]

1. e4 {[%emt 0:00:06]} e5 {[%emt 0:00:32]} 2. Nf3 {[%emt 0:00:06]} Nc6 {[%emt 0:00:16]} 3. Bc4 {[%emt 0:00:09]} Bc5 {[%emt 0:00:16]} 4. O-O {[%emt 0:00:29]} Nf6 {[%emt 0:00:17]} 5. d3 {[%emt 0:00:08]} d6 {[%emt 0:00:19]} 6. c3 {[%emt 0:00:06]} O-O {[%emt 0:01:00]} 7. h3 {[%emt 0:00:17]} a5 {[%emt 0:00:20] C54: Giuoco Piano: 4 c3 Nf6, main lines with 5 d4 and 5 d3} 8. Bb5 $146 {[%emt 0:04:43]} ({Predecessor:} 8. Re1 h6 9. Bb3 Be6 10. Ba4 Ba7 11. d4 Bd7 12. Bc2 exd4 13. cxd4 Nb4 14. Nc3 Nxc2 15. Qxc2 {½-½ (38) So,W (2780)-Nakamura,H (2777) chess.com INT 2018}) 8... Ne7 {[%emt 0:07:37]} 9. d4 {[%emt 0:08:27]} Ba7 {[%emt 0:04:49]} 10. Re1 {[%emt 0:00:22]} Ng6 {[%emt 0:00:12]} 11. Nbd2 {[%emt 0:01:22]} Bd7 {[%emt 0:05:06]} 12. Bd3 {[%emt 0:06:29]} a4 {[%emt 0:04:08]} 13. Nf1 {[%emt 0:00:57]} b5 {[%emt 0:03:30]} 14. Ng3 {[%emt 0:05:51]} c5 {[%emt 0:05:28]} 15. dxe5 {[%emt 0:10:58]} dxe5 {[%emt 0:02:10]} 16. c4 {[%emt 0:01:02]} b4 {[%emt 0:02:47]} 17. Bc2 {[%emt 0:01:07]} Bb8 {[%emt 0:03:50]} 18. Bg5 {[%emt 0:02:59]} Be6 {[%emt 0:08:05]} 19. Bxa4 {[%emt 0:02:20]} Bxc4 {[%emt 0:06:20]} 20. b3 {[%emt 0:02:43]} Qxd1 {[%emt 0:02:25]} 21. Rexd1 {[%emt 0:00:56]} Be6 {[%emt 0:00:26]} 22. Be3 {[%emt 0:04:43]} Rc8 {[%emt 0:04:27]} 23. Bb5 {[%emt 0:06:59]} h6 {[%emt 0:05:26]} 24. Nd2 {[%emt 0:05:26]} Ba7 {[%emt 0:06:01]} 25. a4 {[%emt 0:03:16]} bxa3 {[%emt 0:04:29]} 26. Rxa3 {[%emt 0:00:23]} Rab8 {[%emt 0:01:27]} 27. Bc4 {[%emt 0:01:53]} Bxc4 {[%emt 0:00:53]} 28. Nxc4 {[%emt 0:00:08]} Bb6 {[%emt 0:00:19]} 29. f3 {[%emt 0:02:28]} Bd8 {[%emt 0:04:46]} 30. Nf5 {[%emt 0:02:23]} Kf8 {[%emt 0:04:39]} 31. Ncd6 {[%emt 0:04:02]} Rc6 {[%emt 0:02:56]} 32. Ra7 {[%emt 0:04:19]} Bc7 {[%emt 0:03:50]} 33. Nc4 {[%emt 0:01:30]} Nf4 {[%emt 0:04:20]} 34. Bxf4 {[%emt 0:03:46]} exf4 {[%emt 0:00:02]} 35. e5 {[%emt 0:00:20]} Ne8 {[%emt 0:00:21]} 36. Rd7 {[%emt 0:01:46]} Rxb3 {[%emt 0:00:49]} 37. Ncd6 {[%emt 0:00:34]} Bxd6 {[%emt 0:01:53]} 38. Nxd6 $18 {[%emt 0:00:52]} (38. exd6 Rb1+ 39. Kh2) 38... Nxd6 {[%emt 0:00:45]} 39. exd6 {[%emt 0:00:09]} Kg8 {[%emt 0:01:39]} 40. Rxf7 {[%emt 0:00:00]} Rxd6 {[%emt 0:00:00]} 41. Rxg7+ {[%emt 0:04:09]} Kh8 {[%emt 0:01:38]} 42. Rh7+ {[%emt 0:01:10]} Kg8 {[%emt 0:00:17]} 43. Rhc7 {[%emt 0:00:16]} Rb1+ {[%emt 0:01:08]} 44. Kh2 {[%emt 0:00:04]} Rf6 {[%emt 0:03:13]} 45. Rxc5 {[%emt 0:00:45]} Rb8 {[%emt 0:00:27]} 46. Rcc7 {[%emt 0:00:27]} Rg6 {[%emt 0:06:23]} 47. h4 {[%emt 0:00:22]} Rd8 {[%emt 0:05:34]} 48. Ra5 {[%emt 0:02:22]} Re8 {[%emt 0:03:53]} 49. h5 {[%emt 0:00:56]} Rf6 {[%emt 0:00:57]} 50. Kh3 {[%emt 0:00:38]} Kh8 {[%emt 0:00:18]} 51. Raa7 {[%emt 0:00:29]} Rd8 {[%emt 0:03:03]} 52. Rh7+ {[%emt 0:03:31]} Kg8 {[%emt 0:00:17]} 53. Rag7+ {[%emt 0:01:58]} Kf8 {[%emt 0:00:01]} 54. Rg6 {[%emt 0:00:14]} Rxg6 {[%emt 0:00:51]} 55. hxg6 {[%emt 0:00:04]} Rd6 {[%emt 0:08:23]} 56. Rxh6 {[%emt 0:00:22]} Kg7 {[%emt 0:00:02]} 57. Rh4 {[%emt 0:00:32]} Rf6 {[%emt 0:00:08]} 58. Rg4 {[%emt 0:00:09]} Rf5 {[%emt 0:00:20]} 59. Kh2 {[%emt 0:01:49]} Rf6 {[%emt 0:00:20]} 60. Kg1 {[%emt 0:00:04]} Rxg6 {[%emt 0:00:49]} 61. Rxf4 {[%emt 0:00:08]} Ra6 {[%emt 0:00:11]} 62. Kf2 {[%emt 0:00:16]} Kg6 {[%emt 0:00:08]} 63. Rb4 {[%emt 0:00:17]} Kg5 {[%emt 0:00:07]} 64. Rb5+ {[%emt 0:00:06]} Kg6 {[%emt 0:00:08]} 65. g4 {[%emt 0:00:11]} Kf6 {[%emt 0:00:07]} 66. Kg3 {[%emt 0:00:05]} Kg6 {[%emt 0:00:05]} 67. f4 {[%emt 0:00:07]} Kf6 {[%emt 0:00:15]} 68. Kh4 {[%emt 0:00:09]} Kg6 {[%emt 0:00:11]} 69. f5+ {[%emt 0:00:12]} Kh6 {[%emt 0:00:08]} 70. g5+ {[%emt 0:00:09]} Kg7 {[%emt 0:00:07]} 71. Rb7+ {[%emt 0:00:05]} Kg8 {[%emt 0:00:08]} 72. Kh5 {[%emt 0:00:04]} Ra1 {[%emt 0:00:09]} 73. Kg6 {[%emt 0:00:05]} Ra8 {[%emt 0:00:11]} 74. f6 {[%emt 0:00:05]} Rf8 {[%emt 0:00:19]} 75. Rg7+ {[%emt 0:00:07]} Kh8 {[%emt 0:00:08]} 76. Rh7+ {[%emt 0:00:03]} Kg8 {[%emt 0:00:04]} 77. f7+ {[%emt 0:00:04]} 1-0

[Event "Budapest Spring Festival 2019"]
[Site "Budapest"]
[Date "2019.04.17"]
[Round "9.28"]
[White "Bashirli, Nail"]
[Black "Pratyusha, Bodda"]
[Result "1-0"]
[WhiteElo "2333"]
[BlackElo "2277"]
[Annotator "NA RC"]
[PlyCount "77"]
[EventDate "2019.04.09"]
[EventType "swiss"]
[EventCountry "HUN"]
[SourceTitle "playchess.com"]
[Source "ChessBase"]
[SourceQuality "1"]
[TimeControl "40/5400+30:1800+30"]

1. e4 {[%emt 0:01:58]} e5 {[%emt 0:00:28]} 2. Nf3 {[%emt 0:00:14]} Nc6 3. Nc3 {[%emt 0:00:18]} Nf6 {[%emt 0:00:24]} 4. Bb5 {[%emt 0:00:03]} Bb4 {[%emt 0:01:01]} 5. O-O {[%emt 0:00:32]} O-O {[%emt 0:00:14]} 6. d3 {[%emt 0:00:15]} d6 {[%emt 0:00:44]} 7. Bg5 {[%emt 0:00:19]} Bxc3 {[%emt 0:01:19]} 8. bxc3 {[%emt 0:00:21]} Qe7 {[%emt 0:00:33]} 9. Re1 {[%emt 0:00:09]} Nd8 {[%emt 0:02:48]} 10. d4 {[%emt 0:00:14]} Ne6 {[%emt 0:06:59]} 11. Bd2 {[%emt 0:05:10] C49: Four Knights: 4 Bb5 Bb4} (11. Bc1 c5 {½-½ (11) Movsesian,S (2645)-Hracek,Z (2557) Biograd 2018}) 11... c6 {[%emt 0:01:15]} 12. Bd3 {[%emt 0:01:48]} Nc7 {[%emt 0:01:13]} 13. h3 {[%emt 0:02:38]} h6 {[%emt 0:00:44]} 14. Qc1 $146 {[%emt 0:01:30]} ({Predecessor:} 14. Kh2 b6 15. a4 c5 16. d5 Bd7 {½-½ (30) Shih,L (1517)-Pang,B (1259) Hong Kong 2017}) 14... Nh7 {[%emt 0:05:31]} 15. Qb2 {[%emt 0:06:07]} Qf6 {[%emt 0:01:31]} 16. dxe5 {[%emt 0:02:15]} dxe5 {[%emt 0:05:46]} 17. c4 {[%emt 0:00:08]} Bxh3 {[%emt 0:01:13]} 18. Re3 {[%emt 0:12:50]} ({Reject} 18. gxh3 $6 Qxf3 19. Qxe5 Ne6 $11) 18... Bc8 {[%emt 0:03:57]} 19. Nxe5 {[%emt 0:06:32]} Re8 {[%emt 0:01:00]} 20. Bc3 {[%emt 0:01:33]} Qd6 {[%emt 0:00:06]} 21. Nxf7 {[%emt 0:02:51]} Kxf7 {[%emt 0:08:11]} 22. e5 {[%emt 0:00:26]} Qe6 {[%emt 0:00:42]} 23. Bxh7 {[%emt 0:01:10]} Qxc4 {[%emt 0:00:35]} 24. Rf3+ {[%emt 0:00:40]} Ke7 {[%emt 0:00:05]} 25. Qa3+ {[%emt 0:02:07]} c5 {[%emt 0:00:05]} 26. Bd3 {[%emt 0:06:36]} Qd5 {[%emt 0:00:13]} 27. Qa4 {[%emt 0:00:18]} Be6 {[%emt 0:04:04]} 28. Rd1 {[%emt 0:01:17]} g5 {[%emt 0:01:11]} 29. Rf6 {[%emt 0:05:38]} Rh8 $18 {[%emt 0:08:43]} (29... Red8 30. Ba1 h5) 30. Be2 {[%emt 0:01:25]} Qc6 {[%emt 0:00:21]} 31. Qxc6 {[%emt 0:00:04]} bxc6 {[%emt 0:00:03]} 32. Rd6 {[%emt 0:00:02]} Bxa2 {[%emt 0:09:28]} 33. Rxc6 {[%emt 0:01:48]} Ne8 {[%emt 0:00:03]} 34. Rg6 {[%emt 0:00:37]} Bf7 {[%emt 0:05:04]} 35. Rxh6 {[%emt 0:00:09]} Rxh6 {[%emt 0:00:03]} 36. Rxh6 {[%emt 0:00:03]} a5 {[%emt 0:01:00]} 37. Bf3 {[%emt 0:02:23]} Ra7 {[%emt 0:00:28]} 38. Rh7 {[%emt 0:00:04]} a4 {[%emt 0:02:16]} 39. Bd5 {[%emt 0:00:26]} 1-0

[Event "Budapest Spring Festival 2019"]
[Site "Budapest"]
[Date "2019.04.17"]
[Round "9.29"]
[White "Daggupati, Balaji"]
[Black "Muetsch, Annmarie"]
[Result "1-0"]
[WhiteElo "2326"]
[BlackElo "2223"]
[Annotator "TA"]
[PlyCount "47"]
[EventDate "2019.04.09"]
[EventType "swiss"]
[EventCountry "HUN"]
[SourceTitle "playchess.com"]
[Source "ChessBase"]
[SourceQuality "1"]

{[%evp 18,47,12,16,59,59,70,61,105,104,112,103,168,179,155,157,159,164,257,271,277,284,275,250,308,306,303,304,298,282,490,484]} 1. e4 c5 2. Nf3 e6 3. d4 cxd4 4. Nxd4 Nc6 5. Nc3 Qc7 6. Be2 a6 7. O-O Nf6 8. Kh1 Nxd4 9. Qxd4 Bc5 10. Qd3 d6 {B47: Sicilian: Taimanov: 5 Nc3 Qc7 6 f4, 6 g3 and 6 Be2} (10... b5 11. f4 Bb7 12. Bf3 d5 13. exd5 O-O 14. Be3 Rfd8 15. Bxc5 Qxc5 16. a4 b4 17. Ne4 Nxe4 18. Bxe4 g6 19. c4 bxc3 20. Rac1 Bxd5 21. Bxd5 Rxd5 22. Qxc3 {0-1 (67) Dervishi,E (2552)-Kasimdzhanov,R (2683) Riadh 2017}) 11. Bg5 Nd7 $146 ({Predecessor:} 11... Bd7 12. f4 Bc6 13. Bf3 Bb4 14. a4 Rc8 15. Na2 Bc5 16. b4 Bb6 17. Nc3 Bd7 18. Ra3 {1-0 (48) Gundersen,I (1844)-Kroencke,M (2031) Hamburg 2015}) 12. Qg3 b5 {White is slightly better.} 13. Rad1 Bb7 14. Bf4 b4 (14... O-O $16) 15. Na4 ({Of course not} 15. Bxd6 $6 Bxd6 16. Rxd6 O-O $11) 15... e5 16. Qxg7 O-O-O 17. Bg3 $36 {[%mdl 2048] Black is under strong pressure.} Bxe4 (17... h5 {was called for.}) 18. Bxa6+ $18 Kb8 {Threatening ...Rhg8.} 19. Nxc5 Qxc5 20. Bd3 ({Weaker is} 20. Qxf7 Qc6 $14) 20... Bd5 21. Qh6 Qc6 22. f3 Nc5 23. Bh4 Rde8 $2 {[#]} (23... Rd7 {was necessary.} 24. Bf6 Re8 25. Bxh7 Bc4) 24. Bb5 $1 {[%mdl 576] Skewer. Accuracy: White = 97%, Black = 38%.} 1-0

[Event "Budapest Spring Festival 2019"]
[Site "Budapest"]
[Date "2019.04.17"]
[Round "9.30"]
[White "Polyik, Peter"]
[Black "Kosic, Dragan"]
[Result "1/2-1/2"]
[WhiteElo "2303"]
[BlackElo "2508"]
[Annotator "TA"]
[PlyCount "32"]
[EventDate "2019.04.09"]
[EventType "swiss"]
[EventCountry "HUN"]
[SourceTitle "playchess.com"]
[Source "ChessBase"]
[SourceQuality "1"]

{[%evp 15,20,-12,0,-2,-2,0,15]} 1. d4 Nf6 2. Nf3 e6 3. Bf4 c5 4. e3 Nc6 5. Nbd2 d5 6. c3 Bd6 7. Bg3 O-O 8. Bd3 b6 {The position is equal.} 9. Qe2 {D02: 1 d4 d5 2 Nf3 sidelines, including 2...Nf6 3 g3 and 2...Nf6 3 Bf4} Bb7 10. Rd1 Ne7 {Predecessor:} 11. O-O $146 Qc7 12. Bxd6 Qxd6 13. Ne5 Rad8 14. Qf3 Ng6 15. Bxg6 hxg6 16. Qh3 Ba6 {1-0 (37) Kramnik,V (2810)-Hou,Y (2635) Medias 2016} 1/2-1/2

[Event "Budapest Spring Festival 2019"]
[Site "Budapest"]
[Date "2019.04.17"]
[Round "9.31"]
[White "Lizak, Peter"]
[Black "Ilic, Zoran S"]
[Result "1-0"]
[WhiteElo "2472"]
[BlackElo "2302"]
[Annotator "TA"]
[PlyCount "57"]
[EventDate "2019.04.09"]
[EventType "swiss"]
[EventCountry "HUN"]
[SourceTitle "playchess.com"]
[Source "ChessBase"]
[SourceQuality "1"]

{[%evp 12,57,20,18,33,37,59,36,76,40,76,79,79,33,18,20,28,-7,-25,-5,0,-11,110,112,140,0,0,0,0,0,59,60,249,197,201,196,200,191,260,256,827,603,860,830,29991,29992,29993,29994]} 1. d4 c5 2. d5 Nf6 3. Nc3 g6 4. e4 d6 5. h3 Bg7 6. Nf3 O-O 7. a4 Na6 {A43: Schmid Benoni} (7... e6 8. Be2 exd5 9. exd5 Na6 10. Nd2 Nb4 11. Nc4 Re8 12. Ne3 b6 13. O-O Ba6 14. Nb5 Bb7 15. Bf3 Bf8 {1-0 (74) Granda Zuniga,J (2658)-Hoffman,A (2488) Buenos Aires 2017}) 8. Bc4 Nc7 9. O-O b6 {White is slightly better.} 10. Re1 Bb7 11. Bf4 a6 12. Qd2 Qd7 13. e5 Nh5 14. Bg5 $146 ({Predecessor:} 14. Bh6 b5 {½-½ (33) Kleeman,D (1966)-Van der Eijk,D (1913) Amsterdam 2013}) 14... f6 15. e6 Qe8 $1 16. Bh6 f5 (16... b5 $11 {keeps the balance.} 17. Bxg7 Nxg7) 17. Bxg7 $16 Kxg7 18. Ng5 (18. Rab1 $1 $16) 18... b5 $11 19. Ba2 $36 {[%mdl 2048] White has some pressure.} Nf6 20. Nf7 b4 (20... Rxf7 $11 21. exf7 Kxf7) 21. Ne2 $14 Bxd5 $2 (21... Rxf7 $14 22. exf7 Qxf7) 22. Qh6+ Kg8 {[#] ...Bxa2 is the strong threat.} 23. Bxd5 $1 Ncxd5 {[#]} 24. Ng5 $1 Qc6 (24... b3 $142) 25. Rad1 $18 Nc7 $2 (25... b3) 26. Nf4 Nce8 27. Re3 {Strongly threatening Rg3.} Ra7 28. Rg3 Ng7 {[#]} 29. Nxh7 $1 {[%mdl 512] Accuracy: White = 68%, Black = 22%.} 1-0

[Event "Budapest Spring Festival 2019"]
[Site "Budapest"]
[Date "2019.04.17"]
[Round "9.32"]
[White "Nguyen, Piotr"]
[Black "Kathmale, Sameer"]
[Result "1/2-1/2"]
[WhiteElo "2427"]
[BlackElo "2279"]
[Annotator "TA"]
[PlyCount "57"]
[EventDate "2019.04.09"]
[EventType "swiss"]
[EventCountry "HUN"]
[SourceTitle "playchess.com"]
[Source "ChessBase"]
[SourceQuality "1"]

{[%evp 14,57,56,47,48,25,31,0,0,0,0,0,15,-4,70,56,52,56,55,29,85,81,84,85,93,91,119,105,115,110,96,88,90,96,113,105,107,113,109,78,74,13,13,16,16,16]} 1. Nf3 Nf6 2. c4 g6 3. Nc3 Bg7 4. e4 d6 5. d4 O-O 6. h3 c6 7. Be3 a6 8. Bd3 b5 {E90: King's Indian: Classical: Early deviations and 6 h3} 9. cxb5 (9. O-O bxc4 10. Bxc4 d5 11. Bd3 dxe4 12. Nxe4 Nxe4 13. Bxe4 Be6 14. Qc2 Bd5 15. Ne5 Bxe4 16. Qxe4 {0-1 (43) Khairullin,I (2652)-Nguyen,N (2634) Berlin 2015}) 9... axb5 10. O-O b4 $146 ({Predecessor:} 10... Nfd7 11. a3 Nb6 12. b3 Na6 13. b4 Be6 14. Nd2 f5 15. f3 f4 16. Bf2 d5 17. e5 Qd7 18. Qe2 Bf5 19. Rab1 Nc7 20. Nb3 Ne6 21. Bxf5 {½-½ (21) Vasilevich,T (2385)-Juergens,V (2330) Kusadasi 2006}) 11. Na4 Ba6 {[#] Threatens to win with ...Bxd3.} 12. b3 Bb5 13. Nb2 d5 (13... Qb6 $11) 14. e5 $1 $14 {[%cal Re5f6]} Ne4 15. Qc2 Qa5 16. Bd2 Nd7 (16... c5 $11 {remains equal.}) 17. a4 $16 Nxd2 18. Qxd2 Bxd3 19. Nxd3 ({Of course not} 19. Qxd3 $6 Rfc8 $11) 19... c5 20. dxc5 Nxc5 21. Nxc5 Qxc5 22. Rac1 Qa5 23. Rc6 Rfc8 24. Rfc1 Rxc6 25. Rxc6 e6 26. Qd4 Bf8 27. Ne1 (27. Qf4 $16 {Strongly threatening Ng5.} Qa7 28. Qe3) 27... Ra6 28. Rc2 Ra7 29. Nd3 {Accuracy: White = 53%, Black = 64%.} 1/2-1/2

[Event "Budapest Spring Festival 2019"]
[Site "Budapest"]
[Date "2019.04.17"]
[Round "9.33"]
[White "Ertan, Can"]
[Black "Havanecz, Bianka"]
[Result "1-0"]
[WhiteElo "2404"]
[BlackElo "2265"]
[Annotator "TA"]
[PlyCount "65"]
[EventDate "2019.04.09"]
[EventType "swiss"]
[EventCountry "HUN"]
[SourceTitle "playchess.com"]
[Source "ChessBase"]
[SourceQuality "1"]

{[%evp 20,65,12,0,31,0,10,-50,42,-8,0,-22,0,0,0,-3,0,-33,0,0,253,266,251,261,245,228,268,270,332,329,327,322,329,325,387,374,381,376,417,404,451,441,741,739,29992,29993,29994,4997]} 1. e4 e5 2. Nf3 Nc6 3. Bb5 a6 4. Ba4 Nf6 5. O-O Be7 6. Re1 b5 7. Bb3 O-O 8. d4 Nxd4 9. Bxf7+ Rxf7 10. Nxe5 Rf8 11. Qxd4 c5 {C88: Closed Ruy Lopez: Anti-Marshall Systems} (11... Bb7 12. Nc3 c5 13. Qd1 b4 14. Nd5 Nxd5 15. exd5 Bd6 16. f4 Bxe5 17. fxe5 Qh4 18. Be3 Qc4 19. b3 Qxd5 20. Qxd5+ Bxd5 {½-½ (31) Amin,B (2609)-Leko,P (2717) Ningbo 2011}) 12. Qd3 Bb7 13. Nc3 (13. c4 $11) 13... c4 (13... Qc7 $1 $15 14. Nf3 c4) 14. Qe2 Bb4 $146 ({Predecessor:} 14... Qc7 15. Ng4 b4 16. Nd5 Nxd5 17. exd5 Rae8 18. Be3 Bxd5 19. Bd4 {½-½ (56) Belotti,B (2440)-Minasian,A (2478) Ohrid 2001}) 15. Bd2 Bxc3 16. Bxc3 Nxe4 17. Bd4 d6 18. Ng4 Qh4 (18... h5 $5 {[%cal Rh5g4]} 19. Ne3 Qg5 $15) 19. f3 Rae8 $2 {[%mdl 8192]} (19... h5 $11) 20. fxe4 $18 Rxe4 21. Qxe4 Bxe4 22. Rxe4 {[#] Threatens to win with Nf6+!} Qg5 23. Ne3 Rf4 24. Rxf4 Qxf4 25. c3 Qe4 26. Rf1 g6 27. h3 {And now Ng4 would win.} h5 28. Kh2 a5 29. Rf6 a4 30. a3 Qb1 (30... h4 $142 31. Ng4 Qd3) 31. Nd5 {aiming for Ne7+.} g5 32. Ne7+ Kh7 33. Rf8 {Accuracy: White = 62%, Black = 11%.} (33. h4 $142 Kg7 {[#]} 34. Rf5+ $1 {[%mdl 512]} Kh7 35. Rf7+ Kh6 36. Bg7+ Kh7 37. Bf6+ {[%mdl 64] Discovered Attack} Kh6 38. hxg5#) 1-0

[Event "Budapest Spring Festival 2019"]
[Site "Budapest"]
[Date "2019.04.17"]
[Round "9.34"]
[White "Szeberenyi, Adam"]
[Black "Terbe, Julianna"]
[Result "0-1"]
[WhiteElo "2392"]
[BlackElo "2265"]
[Annotator "TA"]
[PlyCount "96"]
[EventDate "2019.04.09"]
[EventType "swiss"]
[EventCountry "HUN"]
[SourceTitle "playchess.com"]
[Source "ChessBase"]
[SourceQuality "1"]

{[%evp 11,96,24,26,0,0,0,0,0,0,-8,12,8,6,-18,-13,-16,-12,-18,-5,-8,0,-23,2,8,33,0,0,0,36,31,36,33,34,33,102,95,483,26,152,-229,-228,-303,-297,-390,-379,-365,-349,-454,-424,-447,-432,-29961,-12733,-1663,-816,-29971,-29972,-29973,-29975,-29973,-29969,-29966,-29969,-29983,-29984,-29982,-29966,-29979,-29969,-29993,-29994,-29994,-29995,-29995,-29978,-29977,-29978,-29982,-29978,-29974,-29975,-29984,-29985,-29985,-29986,-29992,-29989]} 1. d4 d5 2. c4 c6 3. e3 Nf6 4. Nc3 e6 5. Nf3 a6 6. Qc2 c5 7. a3 {D45: Semi-Slav: 5 e3} (7. cxd5 exd5 8. Be2 Nc6 9. O-O Be6 10. Ne5 Qc7 11. Nxc6 bxc6 12. e4 dxe4 13. Nxe4 Nxe4 14. Qxe4 Bd6 15. Bf3 O-O 16. Qxc6 Bxh2+ {1-0 (60) Mamedyarov,S (2817)-Shankland,S (2724) Germany 2019}) 7... dxc4 8. dxc5 Bxc5 9. Bxc4 {The position is equal.} b5 10. Be2 Nbd7 11. Ne4 $146 ({Predecessor:} 11. O-O Bb7 12. b4 Be7 13. Bb2 O-O 14. Rfd1 Rc8 {½-½ (45) Kozak,A (2419)-Banusz,T (2612) Budapest 2018}) 11... Be7 12. Nxf6+ Bxf6 13. a4 bxa4 14. Rxa4 O-O 15. O-O Qb6 16. Rd1 Rd8 (16... Nc5 $5 {[%cal Rc5a4]} 17. Rc4 Nb3 $11) 17. e4 $36 {[%mdl 2048] Black is under pressure.} Ne5 18. Be3 Rxd1+ 19. Qxd1 Qc7 20. Nxe5 Bxe5 21. Rc4 Qd7 $1 22. Bd4 Bb8 (22... Bf6 $14) 23. Qc1 Bd6 $2 {[%mdl 8192] [#]} (23... Bb7 $16) 24. Bc3 $2 (24. Bxg7 $1 $18 {[%mdl 512] Hoping for Bf6.} Kxg7 25. e5 $1 {[%mdl 576] Decoy} Bxe5 26. Qg5+ {[%mdl 64] Double Attack} Kf8 27. Qxe5) 24... Bb7 {[#]} (24... Qd8 $11 {remains equal.}) 25. Bxg7 $2 (25. Qd1 $1 $16 {Strongly threatening Rd4.} Rd8 26. Ba5 Bxe4 27. Rxe4 (27. Bxd8 Bd5 $18) 27... Bxh2+ 28. Kxh2 Qxd1 29. Bxd1 Rxd1 30. Rc4) 25... Kxg7 $19 26. e5 {And now Rg4+ would win.} Be7 27. Rg4+ Kh8 28. Qf4 Rg8 29. Qxf7 {[%csl Gf7][%cal Rg4g8]} Rxg4 30. Bxg4 Qc6 {[%csl Gb7][%cal Rc6g2]} 31. f3 (31. Qf3 $19 Qc1+ 32. Qd1 Qxb2 33. Bxe6) 31... Qc5+ {[%mdl 64] Double Attack} 32. Kf1 Qc1+ (32... Bc6 $142 33. f4 Bh4) 33. Ke2 Qxb2+ {[%mdl 64] Double Attack. Black mates.} 34. Kd3 Qb5+ 35. Kc2 Qc4+ 36. Kb2 Qe2+ 37. Kb1 Qd3+ 38. Ka1 Qa3+ 39. Kb1 Bd5 40. Bxe6 Qb3+ 41. Kc1 Ba3+ 42. Kd2 Bxe6 43. Qf6+ Kg8 44. Qg5+ Kf8 45. Qd8+ {[#]} Kf7 $1 46. Qf6+ Ke8 47. Qh8+ Bf8 48. Qxh7 Qd5+ {Accuracy: White = 33%, Black = 42%.} 0-1